RICS Arts and antiques market survey (Record no. 110620)

MARC details
000 -LEADER
fixed length control field 01290cad a22002295a 4500
001 - CONTROL NUMBER
control field L149767
008 - FIXED-LENGTH DATA ELEMENTS--GENERAL INFORMATION
fixed length control field 100421s2010 xxkd f s 000 0 eng d
035 ## - SYSTEM CONTROL NUMBER
System control number (Sirsi) u149767
041 0# - LANGUAGE CODE
Language code of text/sound track or separate title eng
050 04 - LIBRARY OF CONGRESS CALL NUMBER
Classification number 346.4172 $2 18
110 2# - MAIN ENTRY--CORPORATE NAME
Corporate name or jurisdiction name as entry element Royal Institution of Chartered Surveyors
Subordinate unit Economics
9 (RLIN) 5033
245 00 - TITLE STATEMENT
Title RICS Arts and antiques market survey
Remainder of title First quarter 2010
Medium [electronic resource]
260 ## - PUBLICATION, DISTRIBUTION, ETC.
Place of publication, distribution, etc. London
Name of publisher, distributor, etc. RICS
Date of publication, distribution, etc. 2010
490 #0 - SERIES STATEMENT
Series statement RICS Arts and Antiques Market Survey
Volume/sequential designation First Quarter 2010
520 ## - SUMMARY, ETC.
Summary, etc. The net balance of surveyors reported rising rather than falling prices edged up further in the first quarter with the All Lot price balance increasing from +17 to +22 (the highest reading since Q1 2008). This attrituted to a shortage of stock on the market. Out of the ten subsectors covered in the survey, only contemporary art one did not record a positive net balance during the latest three month period. Predicts that demand will outstrip supply over the next twelve months.
590 ## - LOCAL NOTE (RLIN)
Local note KA
650 24 - SUBJECT ADDED ENTRY--TOPICAL TERM
Topical term or geographic name entry element RICS ARTS AND ANTIQUES MARKET SURVEY
651 #4 - SUBJECT ADDED ENTRY--GEOGRAPHIC NAME
Geographic name United Kingdom
Chronological subdivision
690 ## - LOCAL SUBJECT ADDED ENTRY--TOPICAL TERM (OCLC, RLIN)
Topical term or geographic name as entry element Arts and antiques
9 (RLIN) 6217
856 40 - ELECTRONIC LOCATION AND ACCESS
Uniform Resource Identifier <a href="https://www.rics.org/site/download_feed.aspx?fileID=6291&fileExtension=PDF">https://www.rics.org/site/download_feed.aspx?fileID=6291&fileExtension=PDF</a>
Public note View this item free of charge at www.rics.org
942 ## - ADDED ENTRY ELEMENTS (KOHA)
Suppress in OPAC 0
Holdings
Withdrawn status Lost status Source of classification or shelving scheme Damaged status Not for loan Home library Current library Shelving location Date acquired Total Checkouts Full call number Barcode Date last seen Copy number Price effective from Koha item type
    Dewey Decimal Classification     Virtual Virtual Online 21/04/2010   ONLINE PUBLICATION 149767-2001 06/08/2019 1 06/08/2019 Book